| 000 | 01471cam a2200433 a 4500 | ||
|---|---|---|---|
| 001 | 12694924 | ||
| 003 | OSt | ||
| 005 | 20140310184321.0 | ||
| 008 | 020307s2002 nyu j 000 1 eng | ||
| 010 | _a 2002003264 | ||
| 020 | _a0439265983 | ||
| 020 | _a0439265991 | ||
| 040 |
_aDLC _cDLC _dDLC |
||
| 042 | _alcac | ||
| 050 | 0 | 0 |
_aPZ 7 _b.H734 2004 |
| 100 | 1 | _aCrossley-Holland, Kevin. | |
| 245 | 1 | 0 |
_aAt the crossing-places / _cKevin Crossley-Holland. |
| 250 | _a1st American ed. | ||
| 260 |
_aNew York, NY : _bscholastic _c2004. |
||
| 300 |
_a394 p. : _c24 cm. |
||
| 490 | 1 |
_aArthur trilogy ; _vbk. 2 |
|
| 521 | _aG4 | ||
| 526 | _c650 | ||
| 600 | 0 | 0 |
_aArthur, King _vJuvenile fiction. _923593 |
| 600 | 0 | 1 |
_aArthur, King _vFiction. _923594 |
| 650 | 1 |
_aIdentity _vFiction. _923595 |
|
| 650 | 1 |
_aMagic _vFiction. _923596 |
|
| 650 | 1 |
_aMiddle Ages _vFiction. _923597 |
|
| 651 | 1 |
_aGreat Britain _xHistory _yRichard I, 1189-1199 _vFiction. _923598 |
|
| 651 | 1 |
_aGreat Britain _xHistory _yJohn, 1199-1216 _vFiction. _923599 |
|
| 800 | 1 |
_aCrossley-Holland, Kevin. _tArthur trilogy ; _vbk. 2. _923600 |
|
| 856 | 4 | 2 |
_3Publisher description _uhttp://www.loc.gov/catdir/description/schol051/2002003264.html |
| 906 |
_a7 _bcbc _corignew _d1 _eecip _f20 _gy-gencatlg |
||
| 942 |
_2lcc _cBK-SCHOLAS |
||
| 999 |
_c33601 _d33601 |
||